[Event "Mumbai Wealth op U13"]
[Site "Mumbai"]
[Date "2016.01.28"]
[Round "1"]
[White "Nanditha, V."]
[Black "Patel, Devdutt"]
[Result "1-0"]
[WhiteElo "1584"]
[BlackElo "1069"]
[PlyCount "63"]
[EventDate "2016.01.28"]
[EventType "swiss"]
[EventRounds "9"]
[EventCountry "IND"]
[SourceTitle "CBM 170 Extra"]
[Source "ChessBase"]
[SourceDate "2016.02.25"]
[SourceVersion "1"]
[SourceVersionDate "2016.02.25"]
[SourceQuality "1"]

1. f4 d5 2. Nf3 Nc6 3. e3 g6 4. d4 Bf5 5. c3 Qd6 6. Bb5 0-0-0 7. Qa4 Bd7 8. Bxc6 Bxc6 9. Qxa7 b6 10. Qa6+ Kb8 11. a4 Qd7 12. 0-0 e6 13. b4 Ne7 14. Na3 Bxa4 15. b5 Bxb5 16. Nxb5 Qc6 17. Ba3 Nf5 18. Bxf8 Rhxf8 19. Rfb1 Nxe3 20. Na7 Qa8 21. Qb5 Qb7 22. Nc6+ Kc8 23. Ra7 Rd6 24. Rxb7 Kxb7 25. Na5+ Kc8 26. Qa6+ Kd8 27. Nb7+ Kd7 28. Nxd6 Kxd6 29. Qa3+ c5 30. Rxb6+ Kd7 31. Qa7+ Ke8 32. Rb8# 1-0